Raja Rammohun Roy, the representative man. (Record no. 79637)
[ view plain ]
| 000 -LEADER | |
|---|---|
| fixed length control field | 00646cam a22002291 4500 |
| 001 - CONTROL NUMBER | |
| control field | sa 68003640 |
| 003 - CONTROL NUMBER IDENTIFIER | |
| control field | DLC |
| 005 - DATE AND TIME OF LATEST TRANSACTION | |
| control field | 20260227112454.0 |
| 008 - FIXED-LENGTH DATA ELEMENTS--GENERAL INFORMATION | |
| fixed length control field | 710903s1967 ii b 00000beng |
| 010 ## - LIBRARY OF CONGRESS CONTROL NUMBER | |
| LC control number | sa 68003640 //r81 |
| 025 ## - OVERSEAS ACQUISITION NUMBER | |
| Overseas acquisition number | PL480:I-E-9676 |
| 050 0# - LIBRARY OF CONGRESS CALL NUMBER | |
| Classification number | DS475.2.R18 |
| Item number | S4 |
| 082 0# - DEWEY DECIMAL CLASSIFICATION NUMBER | |
| Classification number | 954.03/1/0924 |
| -- | B |
| Edition number | 19 |
| 100 10 - MAIN ENTRY--PERSONAL NAME | |
| Personal name | Sen, Amiyakumar. |
| 245 10 - TITLE STATEMENT | |
| Title | Raja Rammohun Roy, the representative man. |
| 250 ## - EDITION STATEMENT | |
| Edition statement | [1st ed.] |
| 260 0# - PUBLICATION, DISTRIBUTION, ETC. | |
| Place of publication, distribution, etc. | Calcutta, |
| Name of publisher, distributor, etc. | Calcutta Text Book Society |
| Date of publication, distribution, etc. | [1967] |
| 300 ## - PHYSICAL DESCRIPTION | |
| Extent | xviii, 450, 79 p. |
| Dimensions | 22 cm. |
| 350 ## - PRICE (NR) (BK AM CF MU VM SE) [OBSOLETE] | |
| Price | Rs12 |
| 504 ## - BIBLIOGRAPHY, ETC. NOTE | |
| Bibliography, etc. note | Includes bibliographies. |
| 600 00 - SUBJECT ADDED ENTRY--PERSONAL NAME | |
| Personal name | Rammohun Roy, |
| Titles and other words associated with a name | Raja, |
| Dates associated with a name | 1772?-1833. |
No items available.